000 00476nam a2200181Ia 4500
008 230125s9999 xx 000 0 und d
041 _aeng
082 _a891.463
_bVIV
100 _aVivekananda S
_9110883
245 _aMazha Bharat Amar Bharat
260 _c2009
_bRamakrishna Math
_aNagpur
300 _a223p
500 _aMarathi Literature;Literature
650 _aMarathi Literature
700 _aVivekananda S
_9110883
906 _b7
999 _c88443
_d88443